| 000 | 00660nam a22001937a 4500 | ||
|---|---|---|---|
| 999 |
_c195091 _d195091 |
||
| 005 | 20230216154131.0 | ||
| 010 | _aENG-136207 | ||
| 020 |
_a9788190396331 _c500.00 |
||
| 035 | _aEN-119739 | ||
| 037 | _bDBAD/PUB | ||
| 082 | _a630.717 | ||
| 100 | _aTamboli,P M | ||
| 245 |
_aRevitalizing Higher Agricultural Education in India: _bJourney towards excellence/ _cby P M Tamboli |
||
| 260 |
_aAndhra pardesh _bAsian Agri- History Foundation _c2011 |
||
| 270 |
_a47 ICRISAT Colony-I, Brig. Sayeed Road _bAndhra pardesh _e500009 |
||
| 300 |
_a300p. _bIndex of contents _c25cm(hbk) |
||
| 600 | _dby Y L Nene | ||
| 942 |
_2ddc _cEN _h630.7170954 _mTAM |
||